000 00819nam a2200253Ia 4500
001 8682
003 GE_BSU
008 181216s||||||||xx |||||||||||||| ||und||
020 _a9789994069132
040 _cGE_BSU
080 _a821.353.1-1
100 _aიოსელიანი,ოტია.
245 _aსიშორით სიახლოვე.
245 _bლექსები.
245 _cრედ:ბესიკ ხარნაული;გარეკანის მხატვ:ნინო გზირიშვილი.
260 _aთბილისი.
260 _bტრიასი.
260 _c2007.
300 _a168გვ;18სმ.
541 _h6ლ.
653 _aლექსები.
653 _aსიშორით სიახლოვე.
942 _cBK
999 _c41996
_d41996